Κατάλογος Βιβλιοθηκών Mediterranean College

World Class Manufacturing: The Next Decade / Building Power, Strength, and Value (Record no. 1817)

MARC details
000 -LEADER
fixed length control field 01418cam a22002054a 4500
005 - ΗΜΕΡΟΜΗΝΙΑ ΚΑΙ ΩΡΑ ΤΕΛΕΥΤΑΙΑΣ ΕΝΗΜΕΡΩΣΗΣ
Πεδίο ελέγχου 20250605164020.0
008 - FIXED-LENGTH DATA ELEMENTS--GENERAL INFORMATION
Πεδίο ελέγχου σταθερού μήκους 250528s ||||||||||||||||||||||||d
035 ## - SYSTEM CONTROL NUMBER
System control number 16303
020 ## - ISBN
ISBN 684823039
040 ## - ΠΗΓΗ ΚΑΤΑΛΟΓΟΓΡΑΦΗΣΗΣ
Φορέας πρωτότυπης καταλογογράφησης MC Athens Campus Library
Γλώσσα καταλογογράφησης Ελληνικά, Μοντέρνα (1453-)
Modifying agency MC Athens Campus Library
Κανόνες περιγραφικής καταλογογράφησης AACR2
245 1# - ΤΙΤΛΟΣ ΚΑΙ ΔΗΛΩΣΗ ΥΠΕΥΘΥΝΟΤΗΤΑΣ
Τίτλος World Class Manufacturing: The Next Decade / Building Power, Strength, and Value
260 ## - PUBLICATION, DISTRIBUTION, ETC.
Name of publisher, distributor, etc. The Free Press,
Date of publication, distribution, etc. 1996
300 ## - PHYSICAL DESCRIPTION
Extent 278
505 0# - FORMATTED CONTENTS NOTE
Formatted contents note Preface, Industrial Decline and Ascendancy, Building Strength Through Customer-Focused Principles, Best Manufacturers: How they Rate, Improvement Pathways, Value and Valuation, The New Mastery of Mass Production - and Its Close Cousins, Strategic Linkages, Impediments: Bad Plant Design and Mismanagement of Capacity, Remaking Human Resource Management, Quality: Picture a Miracle, A Ten-Year Plan, Scoring Against the Principles, Notes, Index.
520 ## - SUMMARY, ETC.
Summary, etc. Preface, Industrial Decline and Ascendancy, Building Strength Through Customer-Focused Principles, Best Manufacturers: How they Rate, Improvement Pathways, Value and Valuation, The New Mastery of Mass Production - and Its Close Cousins, Strategic Linkages, Impediments: Bad Plant Design and Mismanagement of Capacity, Remaking Human Resource Management, Quality: Picture a Miracle, A Ten-Year Plan, Scoring Against the Principles, Notes, Index.
700 1# - ΠΡΟΣΘΕΤΗ ΑΝΑΓΡΑΦΗ--ΦΥΣΙΚΟ ΠΡΟΣΩΠΟ
Personal name Schonberger Richard J
9 (RLIN) 1077
942 ## - ADDED ENTRY ELEMENTS (KOHA)
Koha item type Books
Holdings
Τύπος τεκμηρίου Βιβλιοθήκη Τρέχουσα τοποθεσία Barcode Αριθμός εισαγωγής Ημερομηνία απόκτησης Ταξιθετικό σύμβολο Αριθμός αντιτύπου Κατάσταση απόσυρσης Κατάσταση χαμένου Κατάσταση κατεστραμμένου Μη δανεισμός Σύνολο δανεισμών Ημερομηνία τελευταίας εμφάνισης Η τιμή ισχύει από
Books MC Athens Campus Library MC Athens Campus Library 9780000018168 3393 05/06/2025 670/.68 SCH 1           05/06/2025 05/06/2025

MC Athens Campus Library
Πατησίων 94 & Κοδριγκτώνος 13, 104 34
Πελλήνης 8 & Πατησίων 107, 112 51
Τ: +30 210 8899600

MC Thessaloniki Campus Library
Ίωνος Δραγούμη 21, 54625 | Ίωνος Δραγούμη 15, 54625
Τ: +30 2310 287779 – Τ: +30 2314 440300